000 02740cam a22003011i 4500
003 SA-RiAUC
005 20260313130512.0
008 260131s1922 ua g 000 0 ara c
040 _aEG-CaDAJ
_bara
_cSA-RiAUC
_erda
041 1 _aara
_hund
082 0 4 _a214.00091821
_qSA-RiAUC
090 _aم ن 214.00091821
_bف ا ر
100 1 _aفاروق، سيف الرحمن رحمة الله،
_d1855-1935
_eمؤلف.
245 1 0 _aمختار إيقاظ الغرب للإسلام /
_cتأليف سيف الرحمن رحمة الله فاروق ؛ ترجمة إسماعيل حلمي البارودي.
264 1 _a[مكان النشر غير محدد] :
_b[الناشر غير محدد]،
_c1922
264 3 _aالإسكندرية، مصر :
_bمطبعة الجريدة التجارية المصرية
300 _a128 صفحة ؛
_c29 سم
336 _aنص
_btxt
_2rdacontent
_3كتاب
337 _aبدون وسيط
_bn
_2rdamedia
338 _aمجلد
_bnc
_2rdacarrier
505 0 _tكيف نجد السعادة /
_tمملكة جهنم والخمر /
_tمن أين جئنا /
_rمحمد سعيد الجليلي-
_rتولستوي-
_rالخوري مورو.
650 7 _aالإسلام والغرب
_2aucsh
700 1 _aالبارودي، إسماعيل حلمي
_eمترجم.
856 _uhttp://dlib.nyu.edu/aco/book/aub_aco000803/1?lang=ar
_yDigital Copy
_2 نرجو الانتباه لإمكانية وجود اختلاف في الطبعة أو الناشر بين البيانات على البوابة وما ستجده على الكتاب نظرا لمحدودية المعلومات المتاحة على الموقع الناشر للمادة.
_3Please note that there may be a difference in the edition or publisher between the data on the portal and the book due to the limited information available on the publisher website for the material.
856 _uhttp://dl-img.home.nyu.edu/adore-djatoka/resolver?url_ver=Z39.88-2004&svc_id=info%3Alanl-repo/svc/getRegion&svc_val_fmt=info%3Aofi/fmt%3Akev%3Amtx%3Ajpeg2000&svc.format=image/jpeg&rft_id=http%3A//dlib.nyu.edu/files/books/aub_aco000803/aub_aco000803_n000001_d.jp2&svc.scale=230
_yCoverImage
_2 نرجو الانتباه لإمكانية وجود اختلاف في الطبعة أو الناشر بين البيانات على البوابة وما ستجده على الكتاب نظرا لمحدودية المعلومات المتاحة على الموقع الناشر للمادة.
_3Please note that there may be a difference in the edition or publisher between the data on the portal and the book due to the limited information available on the publisher website for the material.
942 _2ddc
_cRBOOK COPY
_n0
949 _aSA-JeALM
_d260131
_umohamedma123
_n1
999 _c14567
_d14567